[Event "Chigorin Mem. Russian Cup 2017"]
[Site "St. Petersburg"]
[Date "2017.10.25"]
[Round "5"]
[White "Gordievsky, Dmitry"]
[Black "Usmanov, Vasily"]
[Result "1/2-1/2"]
[WhiteElo "2605"]
[BlackElo "2463"]
[Annotator "TA"]
[PlyCount "121"]
[EventDate "2017.??.??"]
[EventType "swiss"]
[EventCountry "RUS"]
[SourceTitle "playchess.com"]
[Source "ChessBase"]
[SourceQuality "1"]

{[%evp 19,121,-10,0,-11,0,-8,-9,-18,26,25,29,25,28,0,7,8,19,-34,-39,-21,-27,-47,-48,-44,-37,-63,-52,-59,-55,-61,-37,-31,-25,-21,0,0,0,-35,-35,-35,-35,-57,-57,-57,-16,-31,0,-6,0,0,0,0,0,0,0,0,5,8,37,29,26,17,26,8,8,8,8,8,8,8,8,8,8,8,8,8,8,0,0,-8,-8,-8,0,0,4,4,8,0,0,-8,-8,-8,-8,-8,-8,-44,0,0,0,0,0,0,0,0]} 1. c4 e6 2. g3 d5 3. Bg2 Nf6 4. d4 Bb4+ 5. Nd2 O-O 6. Ngf3 b6 7. O-O Bb7 8. cxd5 exd5 9. Ne5 Re8 10. Ndf3 {E16: Queen's Indian: 4 g3 Bb7 5 Bg2 Bb4+} Nbd7 {LiveBook: 4 Games} 11. Bg5 Be7 $146 ({Predecessor:} 11... h6 12. Bxf6 Nxf6 13. Rc1 Bd6 14. Nc6 Qd7 15. Nfe5 Qe6 16. e3 Ne4 17. Qh5 Bxe5 18. Nxe5 {½-½ (58) Alekseev,E (2677)-Oparin,G (2551) Jerusalem 2015}) 12. Qa4 Nxe5 13. Nxe5 Ne4 (13... h6 $5 {[%cal Rh6g5]} 14. Be3 Bd6 $11) 14. Bxe7 Qxe7 15. Rac1 c5 {[%cal Bc7c5,Bc5c4][%mdl 32]} 16. e3 a6 17. Qa3 f6 18. Nd3 (18. Bxe4 $1 $11 fxe5 19. Bg2) 18... c4 $15 {[#] Threatens to win with ...Qxa3.} 19. Qxe7 Rxe7 20. Bxe4 Rxe4 21. Nf4 b5 22. Ne2 Re6 23. Nc3 Bc6 24. b4 a5 25. Rb1 Re7 26. bxa5 Rb7 27. Rb4 Rxa5 28. Rc1 Ra3 29. Kf1 Kf7 30. Ke2 Ke6 31. Kd2 Kd6 32. Kc2 Be8 33. Kb2 Rba7 34. g4 Kc6 35. f3 h5 36. h3 hxg4 37. hxg4 Bg6 38. e4 dxe4 39. d5+ Kd7 40. fxe4 R7a5 41. Re1 Kd6 42. Nxb5+ Kc5 43. Nxa3 Kxb4 $11 {[%mdl 4096] Endgame KRB-KRN} 44. Nb1 Ra8 45. Nc3 Rh8 46. Re2 Rh3 47. a3+ Kc5 48. g5 fxg5 49. e5 {[%cal Be4e5,Be5e6,Be6e7][%mdl 32]} g4 50. d6 {[#] And now d7 would win.} Rd3 51. Ne4+ Kc6 $132 {[%mdl 2048] ...g3 is the strong threat. Black is fighting back} 52. e6 {aiming for d7.} g3 {White must now prevent ...g2!} 53. e7 Be8 54. Rg2 Re3 55. Nxg3 g6 56. Ne2 Kxd6 {next ...Rb3+ is good for Black.} 57. Nf4 Ke5 58. Nxg6+ {The position is equal.} Kd4 59. Rg4+ Kc5 60. Rg5+ Kd6 61. Nf4 {Precision: White = 62%, Black = 57%.} 1/2-1/2

[Event "Chigorin Mem. Russian Cup 2017"]
[Site "St. Petersburg"]
[Date "2017.10.25"]
[Round "5"]
[White "Kobalia, Mikhail"]
[Black "Kobo, Ori"]
[Result "1-0"]
[WhiteElo "2596"]
[BlackElo "2460"]
[Annotator "TA"]
[PlyCount "61"]
[EventDate "2017.??.??"]
[EventType "swiss"]
[EventCountry "RUS"]
[SourceTitle "playchess.com"]
[Source "ChessBase"]
[SourceQuality "1"]

{[%evp 19,61,24,12,-45,93,79,90,91,87,80,100,90,98,88,94,89,208,197,422,403,390,141,121,137,185,183,196,205,220,219,220,216,214,214,208,191,288,278,397,385,445,441,394,382]} 1. e4 g6 2. d4 Bg7 3. Nc3 d6 4. Be3 a6 5. Qd2 b5 6. Bd3 Nd7 7. Nf3 {B06: Moderne Verteidigung} Bb7 8. a4 b4 9. Ne2 Ngf6 10. Ng3 c5 {LiveBook: 19 Partien} 11. h3 ({Lieber} 11. c3 $11) 11... h5 (11... cxd4 $15 {behält die Oberhand.} 12. Bxd4 a5) 12. e5 $1 $16 {[%cal Re5f6]} dxe5 13. dxe5 {[#]} Nd5 $146 {[#]} ({Vorgänger:} 13... Bxf3 14. exf6 Bxf6 15. gxf3 Bxb2 {1-0 (39) Potapov,P (2485)-Kobalia,M (2646) Cheboksary 2016}) 14. e6 $1 {[%cal Re6f7][%mdl 512]} Bxb2 {Und ...Lc3 würde nun gewinnen.} (14... fxe6 15. Bxg6+) 15. exd7+ Qxd7 {[#]} 16. O-O $1 Bc3 17. Qc1 Bxa1 (17... Nxe3 $16 18. Qxe3 Bxa1 19. Rxa1 Bxf3 20. Qxf3 O-O) 18. Qxa1 $18 {[%cal Ra1h8]} Nc3 $2 (18... O-O-O) 19. Bxc5 Qxa4 20. Qxa4+ $2 (20. Qb2 $18 {und Weiss behält klar die Oberhand.}) 20... Nxa4 $16 21. Bxb4 Rc8 22. Re1 Rc7 23. Ne4 O-O {[#]} 24. Bxe7 $1 Bxe4 25. Rxe4 Nc5 26. Re3 {Und weiter mit Ld6 wäre nett.} Ra8 27. Bc4 {Schwarz muss nun Ld6 beachten.} Ne6 (27... Re8 $142) 28. Bd5 $18 Rac8 (28... Rb8 $142) 29. Bd6 Rxc2 30. Bxe6 fxe6 31. Rxe6 {Precision: Weiß = 63%, Schwarz = 32%.} 1-0

[Event "Chigorin Mem. Russian Cup 2017"]
[Site "St. Petersburg"]
[Date "2017.10.25"]
[Round "5"]
[White "Vorobiov, Evgeny E"]
[Black "Abdusattorov, Nodirbek"]
[Result "1/2-1/2"]
[WhiteElo "2555"]
[BlackElo "2498"]
[Annotator "TA"]
[PlyCount "94"]
[EventDate "2017.??.??"]
[EventType "swiss"]
[EventCountry "RUS"]
[SourceTitle "playchess.com"]
[Source "ChessBase"]
[SourceQuality "1"]

{[%evp 20,94,22,22,25,18,24,22,30,9,62,62,64,18,42,57,68,8,49,29,32,20,32,0,0,0,0,2,20,16,18,-7,-8,-5,-6,-20,-7,-19,-19,-23,0,0,0,0,0,0,0,-12,0,-17,87,71,74,81,81,66,93,65,49,0,0,0,0,0,0,0,0,0,217,213,379,90,83,77,189,200,180]} 1. Nf3 d5 2. g3 Bg4 3. Bg2 c6 4. O-O Nf6 5. d3 Nbd7 6. h3 Bh5 7. Qe1 {A07: Barcza-System (Königsfianchetto mit möglichen Übergängen in andere Systeme)} e5 8. e4 dxe4 9. dxe4 Bc5 (9... Be7 10. Nh4 O-O 11. Nd2 Qc7 12. f4 exf4 13. gxf4 Rfe8 14. Kh1 Bb4 {1-0 (35) Giri,A (2785)-So,W (2815) chess.com INT 2017}) 10. a4 O-O 11. Na3 {LiveBook: 5 Partien} Re8 12. Nh4 Qc7 13. Nc4 Bf8 14. Bd2 $146 Re6 (14... Nc5 $11) 15. a5 Rd8 16. Nf5 b5 17. axb6 axb6 18. b3 (18. f4 $14) 18... Qb7 19. Kh2 b5 20. Nce3 Ree8 21. Bc3 Nc5 {[%cal Bd7c5,Bc5e6,Be6d4][%mdl 32]} 22. f3 Bg6 23. Nh4 Qb8 24. Nxg6 hxg6 25. Rd1 Ne6 26. Rxd8 Rxd8 27. Qa1 Nd4 28. Rd1 {[%cal Rc3d4]} Bc5 29. Rd3 Nh5 30. Qd1 f5 31. Nf1 {[%cal Be3f1,Bf1d2,Bd2b3][%mdl 32]} f4 32. g4 {[#] Und b4 würde nun gewinnen.} Nf6 33. b4 Ba7 34. Nd2 Qb6 (34... Ne6 $11 {bleibt in der Remisbreite.}) 35. Nb3 $16 Kh7 36. Bxd4 exd4 37. Nc5 Re8 38. Rxd4 {zielt auf g5 ab.} Qc7 39. g5 Bxc5 $1 40. bxc5 Nh5 41. h4 {[#] Td6 ist eine echte Drohung.} Qe5 42. Bh3 $36 {[%mdl 2048] Weiss hat Druck.} Qxc5 43. Kg2 Ra8 $2 (43... Ng3 $11 {und Schwarz ist OK.}) 44. Be6 $18 {Schwarz muss nun Td8 beachten.} Qe5 $2 (44... Qe7) 45. Bf7 $2 (45. Rd6 $18 {ist der präzise Gewinnweg.}) 45... Rf8 $16 46. Rd7 Qc5 (46... Ng3 $16) 47. Bb3 Qb6 {Precision: Weiß = 52%, Schwarz = 46%.} 1/2-1/2

[Event "Chigorin Mem. Russian Cup 2017"]
[Site "St. Petersburg"]
[Date "2017.10.25"]
[Round "5"]
[White "Timofeev, Artyom"]
[Black "Khanin, Semen"]
[Result "1/2-1/2"]
[WhiteElo "2549"]
[BlackElo "2450"]
[Annotator "TA"]
[PlyCount "68"]
[EventDate "2017.??.??"]
[EventType "swiss"]
[EventCountry "RUS"]
[SourceTitle "playchess.com"]
[Source "ChessBase"]
[SourceQuality "1"]

{[%evp 20,68,-8,-10,12,14,12,12,10,13,14,0,0,0,0,0,0,0,0,0,0,0,5,0,5,0,0,0,5,0,0,0,0,0,0,0,0,0,0,0,0,0,0,0,0,0,0,0,0,0,0]} 1. Nf3 Nf6 2. c4 e6 3. Nc3 c5 4. g3 b6 5. Bg2 Bb7 6. b3 Be7 7. Bb2 O-O 8. O-O d5 9. cxd5 Nxd5 10. d4 Nxc3 11. Bxc3 {The position is equal.} cxd4 {E17: Queen's Indian: 4 g3 Bb7 5 Bg2 Be7} 12. Qxd4 Qxd4 13. Nxd4 Bxg2 14. Kxg2 Rc8 15. Bb2 (15. Rac1 Nc6 16. Nxc6 {½-½ (16) Dubov,D (2624)-Korobov,A (2720) Tromsoe 2013}) 15... Nc6 16. Nxc6 Rxc6 17. Rac1 Rac8 18. Rxc6 Rxc6 19. Rc1 Rxc1 20. Bxc1 $11 {[%mdl 4096] [#] Endgame KB-KB} b5 $146 21. e4 f5 22. f3 Kf7 23. Kf2 a6 24. g4 g6 25. Ke2 fxg4 26. fxg4 e5 27. Be3 Ke6 28. Kd3 Bb4 29. a4 Be7 30. h3 Bd6 31. Bf2 Be7 32. Be3 Bd6 33. Bf2 Be7 34. Be3 Bd6 {Precision: White = 61%, Black = 71%.} 1/2-1/2

[Event "Chigorin Mem. Russian Cup 2017"]
[Site "St. Petersburg"]
[Date "2017.10.25"]
[Round "5"]
[White "Levin, Evgeny A"]
[Black "Dai, Changren"]
[Result "1-0"]
[WhiteElo "2545"]
[BlackElo "2425"]
[Annotator "TA"]
[PlyCount "119"]
[EventDate "2017.??.??"]
[EventType "swiss"]
[EventCountry "RUS"]
[SourceTitle "playchess.com"]
[Source "ChessBase"]
[SourceQuality "1"]

{[%evp 30,119,0,-6,0,-11,0,0,0,-7,-6,-13,-7,-18,-8,-12,-15,-14,-16,-11,0,-10,-1,-64,-64,-66,-30,-72,-77,-64,-28,-29,-13,-27,0,0,0,0,39,0,14,0,8,0,19,-1,0,0,31,40,48,0,0,0,200,192,206,192,225,0,0,0,0,0,2,0,7,-105,141,130,95,24,67,70,165,150,151,147,335,332,507,497,843,900,893,877,877,851,812,807,717,711]} 1. d4 d5 2. c4 e6 3. Nc3 Be7 4. Nf3 Nf6 5. Bg5 h6 6. Bh4 O-O 7. e3 b6 8. Qb3 Bb7 9. Bxf6 Bxf6 10. cxd5 exd5 11. Rd1 c6 12. Bd3 Nd7 13. O-O Re8 14. Rfe1 Nf8 15. Bb1 {D58: Queen's Gambit Declined: Tartakower Defence} g6 16. a3 {LiveBook: 3 Games} Bg7 {[#]} 17. Qc2 $146 {The position is equal.} ({Predecessor:} 17. Ba2 Ne6 18. h3 Qd6 19. e4 Rad8 20. exd5 cxd5 21. Re3 a6 22. Rde1 {½-½ (39) Piket,J (2632)-Topalov,V (2718) Monte Carlo 2001}) 17... Qd7 18. Ba2 Rad8 19. b4 Qd6 20. Qb3 Ne6 21. Rd2 Re7 22. Rc1 Red7 23. Rcd1 Ba8 24. Ne1 Qb8 25. Rb1 Qc8 26. Nf3 (26. Na4 $11) 26... c5 $15 27. Rc1 Qa6 28. Ne2 {[%cal Rd4c5]} c4 29. Qb2 Ng5 30. Ne5 $1 {[%cal Re5d7]} Re7 31. Nc3 Qb7 32. f4 $1 {[%cal Rf4g5]} Nh7 33. b5 Qb8 34. Bb1 (34. e4 $5) 34... Nf8 35. Re1 Rde8 36. Rde2 Qd6 37. Na2 Kh7 38. h4 {[%cal Bh2h4,Bh4h5][%mdl 32]} h5 39. g4 $1 {[%cal Rg4h5]} hxg4 40. h5 Kg8 $1 41. hxg6 f6 $2 (41... Bxe5 $6 42. fxe5 Qe6 43. Rf1 $16) (41... Nxg6 $11 {and Black has nothing to worry.} 42. Bxg6 Bxe5 43. Bxf7+ Rxf7 44. dxe5 Qd7) 42. Nxg4 $18 Ne6 43. Nc3 Bb7 44. Rf1 $2 (44. Bf5 $18) 44... Nxd4 $1 $11 45. exd4 Rxe2 46. Nxe2 Qe6 $1 {[%csl LRe2,LRg4]} 47. Ng3 Qxg4 48. Qf2 {[#]} (48. Qg2 $1 $11) 48... Re4 $2 (48... Bc8 $1 $17 {and life is bright. ...f5 is the strong threat.} 49. Qf3 Qxf3 50. Rxf3 Bg4) 49. Bxe4 $16 dxe4 {[#]} 50. Qe3 (50. Qg2 $1 $16) 50... f5 {( -> ...Bxd4!)} 51. Kf2 $1 Bf6 (51... Qxg6 $14 52. Rg1 Qf7) 52. Rg1 $18 Bh4 53. Ke1 c3 $2 (53... Qh3 $16) 54. Qxc3 Qxf4 (54... Bd5 {is a better defense.} 55. Qe3 Qh3) 55. Kd1 {Qc4+ would kill now.White is clearly winning.} ({Not} 55. Qb3+ Kg7 $16) 55... Qf3+ (55... Bxg3 $142 56. Qxg3 (56. Qb3+ Kg7 $16) 56... Qxg3 57. Rxg3 Kg7) 56. Qxf3 exf3 57. Nxf5 f2 58. Rf1 Bf3+ 59. Kd2 Bg2 60. Ke2 {Precision: White = 47%, Black = 40%.} ({Weaker is} 60. Nxh4 Bxf1 61. Ke3 Bxb5 $16) 1-0

[Event "Chigorin Mem. Russian Cup 2017"]
[Site "St. Petersburg"]
[Date "2017.10.25"]
[Round "5"]
[White "Triapishko, Alexandr"]
[Black "Alekseenko, Kirill"]
[Result "1/2-1/2"]
[WhiteElo "2508"]
[BlackElo "2563"]
[Annotator "TA"]
[PlyCount "147"]
[EventDate "2017.??.??"]
[EventType "swiss"]
[EventCountry "RUS"]
[SourceTitle "playchess.com"]
[Source "ChessBase"]
[SourceQuality "1"]

{[%evp 11,147,18,27,9,6,0,-3,12,0,0,0,0,23,13,21,1,88,72,77,77,74,77,72,97,98,83,80,68,78,69,83,62,43,58,69,75,72,22,35,0,58,0,0,0,0,0,0,0,0,0,0,0,0,0,0,0,0,0,0,0,0,0,0,0,0,0,64,0,0,0,0,0,0,0,0,0,-11,-34,0,-75,0,0,0,0,0,0,0,0,0,0,0,0,0,0,0,0,0,0,0,0,0,0,0,0,0,0,0,0,0,0,0,0,0,0,0,0,0,0,0,0,0,0,0,0,0,0,0,0,0,0,0,0,0,0,0,0,0,0]} 1. e4 c5 2. Nf3 d6 3. d4 cxd4 4. Nxd4 Nf6 5. Nc3 a6 6. Be3 e5 7. Nde2 {B90: Sicilian Najdorf: Unusual White 6th moves, 6 Be3 Ng4 and 6 Be3 e5} (7. Nf3 Be7 8. Bc4 O-O 9. O-O Nc6 10. Bg5 Be6 11. Bb3 Nd7 12. Bxe7 Qxe7 13. Nd5 Qd8 14. Qe2 Nc5 15. Rfd1 h6 16. Qe3 Nxb3 17. axb3 Ne7 18. Nb6 Rb8 19. Nxe5 {1-0 (42) Grischuk,A (2761)-Topalov,V (2749) Paris 2017}) 7... Be6 8. Ng3 h5 9. Be2 {[%cal Rg3h5]} g6 10. h4 Nbd7 11. Qd2 Qc7 $146 ({Predecessor:} 11... Rc8 12. O-O-O Qa5 13. Kb1 Be7 14. f4 exf4 15. Bxf4 Rxc3 16. Qxc3 Qxa2+ {½-½ (31) Nisipeanu,L (2638)-Najer,E (2637) Rogaska Slatina 2011}) 12. O-O-O $36 {[%mdl 2048] White has the initiative.} Nb6 13. Kb1 Ng4 (13... O-O-O $11) 14. Bxb6 Qxb6 15. Bxg4 $1 Bxg4 16. Nd5 Qd8 17. f3 Be6 18. Nf1 Rc8 19. Nfe3 Bh6 20. Qf2 Qa5 21. g4 Bxe3 $1 22. Qxe3 Qc5 23. Qe2 $1 Kf8 24. b3 Kg7 25. Rd3 b5 ({Black should play} 25... hxg4 $11 26. fxg4 Bxg4) 26. Rc3 ({Better is} 26. Rhd1 $14) 26... Qa7 $11 27. Rxc8 Bxc8 28. g5 Be6 29. Nf6 Rc8 30. Rf1 Qc5 31. Qf2 Qc6 32. f4 exf4 33. Rc1 a5 34. Qd4 {[#] And now Nxh5+ would win.} Kf8 35. Nd5 Bxd5 $1 36. exd5 {[%mdl 4096] Endgame KQR-KQR} Qc3 37. Qxf4 Qc5 38. c4 Rb8 (38... bxc4 $11 39. Rxc4 Qg1+ 40. Kb2 Rxc4 41. bxc4 (41. Qxd6+ Kg8 $11) 41... Qb6+ 42. Kc3 Qb4+ 43. Kd4 Qc5+ 44. Kd3 Qa3+ 45. Ke4 Qc5) 39. Rf1 (39. cxb5 $1 $14 Qxd5 40. Rc4) 39... Rb7 40. Qf6 Kg8 $1 41. Re1 {Re8+ would kill now.} Rb8 42. Re7 Rf8 43. cxb5 Qxb5 44. Qxd6 a4 45. Kb2 {[#]} (45. Qc6 $1 $11 Qd3+ 46. Kb2) 45... axb3 ({Black should try} 45... Rc8 $1 $17 46. Re4 axb3 47. axb3 Qd3) 46. axb3 {The position is equal.} Qf1 47. Qc6 Kh7 48. d6 Qf2+ 49. Ka3 {Strongly threatening d7.} Qd4 $1 {aiming for ...Rb8.} 50. Re8 Rxe8 51. Qxe8 Qxd6+ {KQ-KQ} 52. Ka4 Qa6+ 53. Kb4 Qd6+ 54. Kc4 Qf4+ (54... Qc7+ {seems wilder.} 55. Kb5 Qb7+ 56. Ka4 Qa6+) 55. Kb5 Kg7 56. Qe1 Qb8+ 57. Ka4 Qa7+ 58. Kb4 Qb6+ 59. Ka3 f5 60. Qe7+ Kg8 61. b4 Qa6+ 62. Kb2 Qc4 63. Qd6 Kh7 64. Qc5 (64. Qe7+ {looks sharper.} Kg8) 64... Qe2+ 65. Kb3 Qe6+ 66. Kc3 Qe1+ 67. Kb3 Qe6+ ({Avoid the trap} 67... Qxh4 $2 68. Qe7+ Kg8 69. Qe6+ Kh8 70. Qf6+ (70. Qxg6 Qh3+ 71. Ka4 Qf3 $16) 70... Kh7 71. Qf7+ Kh8 72. Qf8+ (72. Qxg6 Qg4 $16) 72... Kh7 73. Qh6+ Kg8 74. Qxg6+ Kh8 75. Qxf5 $18) 68. Qc4 Qe3+ 69. Ka4 {Black must now prevent Qf7+.} Qa7+ 70. Kb5 Qb8+ 71. Kc6 {Hoping for Qf7+.} Qe8+ 72. Kd6 Qf8+ 73. Ke5 f4 74. Qxf4 {Precision: White = 68%, Black = 74%.} 1/2-1/2

[Event "Chigorin Mem. Russian Cup 2017"]
[Site "St. Petersburg"]
[Date "2017.10.25"]
[Round "5"]
[White "Golubov, Saveliy"]
[Black "Sjugirov, Sanan"]
[Result "0-1"]
[WhiteElo "2501"]
[BlackElo "2650"]
[Annotator "TA"]
[PlyCount "58"]
[EventDate "2017.??.??"]
[EventType "swiss"]
[EventCountry "RUS"]
[SourceTitle "playchess.com"]
[Source "ChessBase"]
[SourceQuality "1"]

{[%evp 17,58,27,33,0,8,-4,-2,-6,-10,-17,0,0,0,-5,0,0,0,0,0,-14,-8,-17,0,-17,-25,-22,0,-1,-4,-81,-65,-108,-123,-122,-122,-122,-120,-123,-120,-121,-118,-643,-633]} 1. c4 e5 2. Nc3 d6 3. g3 f5 4. d4 Be7 5. Bg2 Nf6 6. e3 O-O 7. Nge2 c6 {A21: English Opening: 1...e5 2 Nc3} 8. O-O Be6 9. b3 Bf7 {LiveBook: 3 Games. White has an edge.} 10. e4 $146 ({Predecessor:} 10. dxe5 dxe5 11. Qc2 g6 12. Bb2 Qc7 13. e4 f4 14. gxf4 exf4 15. e5 Nh5 {1-0 (30) Bocharov,D (2585)-Basiev,V (1990) Sochi 2017}) 10... fxe4 11. dxe5 dxe5 12. Qxd8 Rxd8 13. Nxe4 Nxe4 14. Bxe4 Na6 {[%cal Bb8a6,Ba6c5,Bc5d3][%mdl 32]} 15. Be3 Bh5 16. Nc3 Bb4 17. Rac1 Nc5 18. Bf5 Bf3 19. Nb1 Rf8 20. Bh3 Nd3 21. Rc2 Rad8 22. a3 Bc5 23. Bg5 (23. Bxc5 $11 Nxc5 24. Nd2) 23... Rd6 24. Be7 {[#]} Nf4 $1 {[%cal Rf4h3][%mdl 512]} 25. Bg2 (25. gxf4 Rg6+) 25... Bxg2 $40 {[%mdl 128] Black attacks with force.} 26. Bxd6 Bxd6 27. Re1 Nd3 28. Re3 Bc5 29. Rce2 $2 {[%mdl 8192] [#]} (29. Rxd3 $17 Be4 30. Rdd2) 29... Rxf2 $1 {[%mdl 512] Precision: White = 31%, Black = 69%.} 0-1

[Event "Chigorin Mem. Russian Cup 2017"]
[Site "St. Petersburg"]
[Date "2017.10.25"]
[Round "5"]
[White "Lomasov, Semen"]
[Black "Paravyan, David"]
[Result "1/2-1/2"]
[WhiteElo "2490"]
[BlackElo "2548"]
[Annotator "TA"]
[PlyCount "80"]
[EventDate "2017.??.??"]
[EventType "swiss"]
[EventCountry "RUS"]
[SourceTitle "playchess.com"]
[Source "ChessBase"]
[SourceQuality "1"]

{[%evp 17,80,0,0,0,3,6,6,6,0,0,0,0,0,0,2,0,0,0,0,0,0,0,0,0,17,13,19,17,15,15,20,25,17,0,0,0,0,0,0,0,0,0,0,0,0,0,0,0,0,0,0,0,0,0,0,0,0,0,0,0,0,0,0,0,0]} 1. e4 e5 2. Nf3 Nf6 3. Nc3 Nc6 4. d4 exd4 5. Nxd4 Bb4 6. Nxc6 bxc6 7. Bd3 O-O 8. O-O d5 9. exd5 cxd5 10. h3 {C47: Scotch Four Knights and Four Knights with 4 g3} c6 11. Qf3 Re8 (11... Bd6 12. Bf4 Bxf4 13. Qxf4 Nh5 14. Qe5 g6 15. Rfe1 Ng7 16. Na4 Qa5 17. b3 Re8 {1-0 (27) Rublevsky,S (2683)-Morozevich,A (2676) Ruma 2017}) 12. Bf4 Bd6 13. Rfe1 Be6 14. Rad1 Qb8 15. Bxd6 Qxd6 16. Ne2 Qb4 17. b3 a5 18. Nf4 $146 Bd7 19. c3 Qa3 20. c4 {[%cal Rc4d5]} Qxa2 (20... d4 {with more complications.} 21. Be4 Rac8 22. Re2 Qd6 23. Rde1 c5) 21. cxd5 cxd5 22. Nxd5 Nxd5 23. Rxe8+ Rxe8 24. Qxd5 Be6 25. Qb5 {[%cal Rb5e8] [#] The position is equal.} Rf8 26. Bc4 Qc2 27. Ra1 Bxc4 28. bxc4 $11 {[%mdl 4096] Endgame KQR-KQR} Rc8 29. Qxa5 Qxc4 30. Rd1 {[#] White wants to mate with Rd8+.} h6 31. Rd8+ Rxd8 32. Qxd8+ {KQ-KQ} Kh7 33. Qd6 Qe4 34. Kh2 h5 35. Qc7 Qf5 36. Qg3 g6 37. h4 Qf6 38. Kh3 Qf5+ 39. Kh2 Qf6 40. Kh3 Qf5+ {Precision: White = 91%, Black = 82%.} 1/2-1/2

[Event "Chigorin Mem. Russian Cup 2017"]
[Site "St. Petersburg"]
[Date "2017.10.25"]
[Round "5"]
[White "Bystrov, Sergey V"]
[Black "Bellaiche, Anthony"]
[Result "0-1"]
[WhiteElo "2302"]
[BlackElo "2493"]
[Annotator "TA"]
[PlyCount "46"]
[EventDate "2017.??.??"]
[EventType "swiss"]
[EventCountry "RUS"]
[SourceTitle "playchess.com"]
[Source "ChessBase"]
[SourceQuality "1"]

{[%evp 11,46,16,15,15,19,21,21,15,18,20,20,22,19,20,18,23,10,11,25,15,16,3,9,0,0,2,-5,-66,-58,-26,-27,-42,-42,-184,-182,-527,-519]} 1. d4 d5 2. c4 c6 3. cxd5 cxd5 4. Bf4 Nc6 5. e3 Nf6 6. Nc3 Bg4 7. Qb3 {D10: Slav Defence: 3 cxd5 (without early Nf3) and 3 Nc3} Na5 $1 {[%cal Ra5b3]} 8. Qa4+ Bd7 9. Qc2 {next Nb5 is good for White.The position is equal.} e6 10. Nf3 Be7 11. Bd3 Nc6 12. a3 Nh5 13. Be5 f6 14. Bg3 f5 {[#]} 15. Be5 $146 Nf6 16. h3 O-O 17. g4 {[%cal Rg4f5]} Ne4 18. gxf5 Rxf5 19. Nxe4 (19. Bxe4 $11 dxe4 20. Qxe4) 19... Rxf3 $15 20. Nd2 Nxe5 21. dxe5 Rf8 {[#] White must now prevent ...Bh4.} 22. Bxh7+ (22. O-O $15) 22... Kh8 $19 {...Bh4 is the strong threat.} 23. Rg1 $2 (23. Qd3 {is a better chance.}) 23... Bh4 {Precision: White = 37%, Black = 91%.} 0-1

[Event "Chigorin Mem. Russian Cup 2017"]
[Site "St. Petersburg"]
[Date "2017.10.26"]
[Round "6"]
[White "Sjugirov, Sanan"]
[Black "Triapishko, Alexandr"]
[Result "0-1"]
[WhiteElo "2650"]
[BlackElo "2508"]
[Annotator "TA"]
[PlyCount "74"]
[EventDate "2017.??.??"]
[EventType "swiss"]
[EventCountry "RUS"]
[SourceTitle "playchess.com"]
[Source "ChessBase"]
[SourceQuality "1"]

{[%evp 12,74,13,10,16,-4,0,-8,0,-17,-15,-22,-22,-49,-34,-17,-23,-39,-35,-289,-314,-308,-290,-298,-260,-462,-462,-432,-331,-393,-387,-389,-390,-374,-374,-370,-345,-356,-317,-303,-261,-266,-267,-241,-222,-235,-200,-290,-231,-335,-335,-335,-337,-366,-366,-491,-430,-466,-457,-620,-594,-699,-606,-5327,-5274]} 1. d4 Nf6 2. Nf3 g6 3. Bg5 Bg7 4. Nbd2 O-O 5. e3 c5 6. c3 d6 7. Bc4 cxd4 {A48: 1 d4 Nf6 2 Nf3 g6: Torre, London and Colle Systems} (7... Nc6 8. O-O Bf5 9. Qe2 d5 10. Bb5 Qb6 11. dxc5 Qxc5 12. Rac1 Ne4 13. Nxe4 dxe4 14. Bxc6 exf3 15. Bxf3 {0-1 (66) Kramnik,V (2812)-Vachier Lagrave,M (2789) Leuven 2016}) 8. cxd4 Nc6 9. O-O Qb6 {The position is equal.} 10. Bd3 $146 ({Predecessor:} 10. b3 Bf5 11. Qe2 Rac8 12. Rfc1 Rfd8 13. Bh4 d5 14. Bd3 Bxd3 15. Qxd3 {½-½ (38) Jayaram,A (2492)-Bora,S (2366) Philadelphia 2017}) 10... Be6 11. Qe2 Qxb2 12. Rfb1 Qa3 13. Rxb7 Rab8 14. Rc7 Nb4 15. Ne1 $2 {[%mdl 8192]} (15. Bc4 $15 Nfd5 16. Rxe7) 15... Qa5 $19 16. Rxe7 Qxg5 17. Rxa7 Nfd5 {White must now prevent ...Nc3.} 18. Bc4 $2 (18. Nef3 {was necessary.} Qh5 19. Rc1) 18... Nc3 19. Qf1 d5 20. Bb3 Nb5 21. Ndf3 Qd8 22. Ra4 Nc3 23. Ra3 Bd7 {[#] Hoping for ...Bb5.} 24. Nd3 Bb5 25. Qe1 Nb1 26. Rxb1 Bxd3 27. Rc1 Be4 28. Qd2 Qd7 29. Ra4 (29. Bd1 $142) 29... Qb5 30. Ne1 {[#]} (30. Rc5 {was called for.} Qb7 31. Rc3) 30... Nxa2 $1 {[%mdl 512]} 31. Qxa2 (31. Rxa2 Qxb3) 31... Qxb3 32. Qxb3 Rxb3 33. g4 Rfb8 {Black is clearly winning.} 34. h4 Bf8 35. Rca1 Rb1 36. Kh2 Bd6+ 37. Kh3 R8b2 {Precision: White = 29%, Black = 70%.} 0-1